Inspections and reports on dwellings (Record no. 103807)
[ view plain ]
| 000 -LEADER | |
|---|---|
| fixed length control field | 01360cam a22002535a 4500 |
| 001 - CONTROL NUMBER | |
| control field | L127577 |
| 008 - FIXED-LENGTH DATA ELEMENTS--GENERAL INFORMATION | |
| fixed length control field | 140226s2013 xxk f 001 0 eng d |
| 020 ## - INTERNATIONAL STANDARD BOOK NUMBER | |
| International Standard Book Number | 9780080971322 |
| 035 ## - SYSTEM CONTROL NUMBER | |
| System control number | (Sirsi) u127577 |
| 041 0# - LANGUAGE CODE | |
| Language code of text/sound track or separate title | eng |
| 050 04 - LIBRARY OF CONGRESS CALL NUMBER | |
| Classification number | 728.0942 $2 18 |
| 100 1# - MAIN ENTRY--PERSONAL NAME | |
| Personal name | Santo, Philip |
| 245 00 - TITLE STATEMENT | |
| Title | Inspections and reports on dwellings |
| Remainder of title | assessing age |
| 250 ## - EDITION STATEMENT | |
| Edition statement | 2nd ed |
| 260 ## - PUBLICATION, DISTRIBUTION, ETC. | |
| Place of publication, distribution, etc. | London |
| Name of publisher, distributor, etc. | Routledge |
| Date of publication, distribution, etc. | 2013 |
| 260 ## - PUBLICATION, DISTRIBUTION, ETC. | |
| Place of publication, distribution, etc. | London |
| Name of publisher, distributor, etc. | Estates Gazette |
| Date of publication, distribution, etc. | 2013 |
| 300 ## - PHYSICAL DESCRIPTION | |
| Extent | 274p. |
| Other physical details | ill. |
| Dimensions | 25cm. |
| 520 ## - SUMMARY, ETC. | |
| Summary, etc. | Focuses on age assessment, a key factor used in surveying buildings, carriying out valuations, calculating reinstatement costs and building defects. Broken down into 13 age bands, spanning the periods pre 1670 through to post 2000 with colour photographs of examples dwellings for each period. Each age band includes a commentary highlighting the social, economic and technical circumstances of the time. An overview of the photographs draws attention to the particular features, which help to place a dwelling within one of the defined periods. The wide range of dwellings covered should provide the necessary assistance towards identifying the age of a dwelling in any part of the UK. Bibliography. |
| 651 #4 - SUBJECT ADDED ENTRY--GEOGRAPHIC NAME | |
| Geographic name | United Kingdom |
| Chronological subdivision | |
| 690 ## - LOCAL SUBJECT ADDED ENTRY--TOPICAL TERM (OCLC, RLIN) | |
| Topical term or geographic name as entry element | Residential property |
| 9 (RLIN) | 6266 |
| 700 1# - ADDED ENTRY--PERSONAL NAME | |
| Personal name | Melville, Ian A |
| 700 1# - ADDED ENTRY--PERSONAL NAME | |
| Personal name | Gordon, Ian A. |
| 942 ## - ADDED ENTRY ELEMENTS (KOHA) | |
| Suppress in OPAC | 0 |
| Withdrawn status | Lost status | Source of classification or shelving scheme | Damaged status | Not for loan | Home library | Current library | Shelving location | Date acquired | Cost, normal purchase price | Total Checkouts | Full call number | Barcode | Date last seen | Copy number | Cost, replacement price | Price effective from | Koha item type |
|---|---|---|---|---|---|---|---|---|---|---|---|---|---|---|---|---|---|
| Dewey Decimal Classification | London | London | Books | 01/11/2004 | 25.50 | 728.0942 SAN | 30078205 | 06/08/2019 | 1 | 25.50 | 06/08/2019 | Book |